| 000 | 00545nam a22001817a 4500 | ||
|---|---|---|---|
| 005 | 20251108165932.0 | ||
| 008 | 250721s1975 xx 000 0 ara d | ||
| 082 | 1 | 4 | _aط/372.62/حدي |
| 245 | 1 | 0 | _aالحديث عن الحيوانات / |
| 264 | 1 |
_aبيروت : _bمكتبة لبنان، _c1975. |
|
| 300 | _a50ص | ||
| 490 | 0 | _aمصورة بالالوان | |
| 650 | 1 | 7 | _aلغة عربية |
| 650 | 1 | 7 | _aدراسة و تدريس |
| 653 | _aأطفال ما قبل المدرسة (0-5) سنوات | ||
| 942 |
_2ddc _cBK |
||
| 999 |
_c35241 _d35241 |
||